Деструктивное поведение: вызовы современности и способы решения (Запись № 13665319)

Подробности
000 -МАРКЕР
контрольное поле 02633nam0a2200385 4500
001 - ИДЕНТИФИКАТОР ЗАПИСИ
контрольное поле RU\NLR\BIBL_A\022327327
005 - ИДЕНТИФИКАТОР ВЕРСИИ
контрольное поле 20260420014724.0
010 ## - МЕЖДУНАРОДНЫЙ СТАНДАРТНЫЙ НОМЕР КНИГИ (ISBN)
Номер (ISBN) 978-5-4446-1911-7
Тираж 100
021 ## - НОМЕР ГОСУДАРСТВЕННОЙ РЕГИСТРАЦИИ
Код страны Российская Федерация
Номер КН-П-24-045291
Номер Листа государственной регистраци КН-П-24-4508
035 ## - ДРУГИЕ СИСТЕМНЫЕ НОМЕРА
Идентификатор записи (NLR Aleph) 022327327
100 ## - ДАННЫЕ ОБЩЕЙ ОБРАБОТКИ
Данные общей обработки 20240919d2024 k y0rusy50 ca
101 0# - ЯЗЫК РЕСУРСА
Язык текста, звукозаписи и т.д. русский
102 ## - СТРАНА ПУБЛИКАЦИИ ИЛИ ПРОИЗВОДСТВА
Страна публикации Российская Федерация
105 ## - ПОЛЕ КОДИРОВАННЫХ ДАННЫХ: ТЕКСТОВЫЕ МАТЕРИАЛЫ, МОНОГРАФИЧЕСКИЕ
Кодированные данные о монографическом текстовом документе y z 100yy
181 #0 - ПОЛЕ КОДИРОВАННЫХ ДАННЫХ: ВИД СОДЕРЖАНИЯ
Код вида содержания (ISBD) i4
Код характеристики содержания (ISBD) axxe
182 #0 - ПОЛЕ КОДИРОВАННЫХ ДАННЫХ: ТИП СРЕДСТВА
Код типа средства (ISBD) n - непосредственное
200 1# - ЗАГЛАВИЕ И СВЕДЕНИЯ ОБ ОТВЕТСТВЕННОСТИ
Основное заглавие Деструктивное поведение: вызовы современности и способы решения
Сведения, относящиеся к заглавию материалы региональной конференции, проведенной Министерством образования Воронежской области совместно с государственным бюджетным учреждением Воронежской области "Центр психолого-педагогической поддержки и развития детей" на базе МБОУ Хреновская СОШ № 1
Первые сведения об ответственности составители: О. П. Кадейкина, Э. Н. Моргунова
203 ## - ВИД СОДЕРЖАНИЯ И ТИП СРЕДСТВА
Вид содержания Текст
Дополнительные сведения об издании визуальный
Тип средства непосредственный
210 ## - ПУБЛИКАЦИЯ, РАСПРОСТРАНЕНИЕ И ДР.
Место издания, распространения и т.д. Воронеж
Имя издателя, распространителя и т. д. Научная книга
Дата издания, распространения и т.д. 2024
215 ## - ФИЗИЧЕСКАЯ ХАРАКТЕРИСТИКА
Специфическое обозначение материала и объем 42 с.
Размеры 21
320 ## - ПРИМЕЧАНИЯ О НАЛИЧИИ В ДОКУМЕНТЕ БИБЛИОГРАФИИ / УКАЗАТЕЛЯ
Текст примечания Библиогр. в конце ст.
606 1# - НАИМЕНОВАНИЕ ТЕМЫ КАК ПРЕДМЕТ
Наименование темы Дети
Формальный подзаголовок Съезды, совещания и т.п
Тематический подзаголовок Отклоняющееся поведение
-- Профилактика
Системный номер авторитетной/нормативной записи 2113479
Идентификатор авторитетной/нормативной записи RU\NLR\AUTH\661580543
686 1# - ИНДЕКСЫ ДРУГИХ КЛАССИФИКАЦИЙ
Индекс Ю983.620.1-81я431
686 1# - ИНДЕКСЫ ДРУГИХ КЛАССИФИКАЦИЙ
Индекс Ч313.34я431
702 #1 - ИМЯ ЛИЦА - ВТОРИЧНАЯ ОТВЕТСТВЕННОСТЬ
Начальный элемент ввода Кадейкина
Часть имени, кроме начального элемента ввода О. П.
Расширение инициалов личного имени Ольга Петровна
Код отношения Составитель
711 01 - НАИМЕНОВАНИЕ ОРГАНИЗАЦИИ - АЛЬТЕРНАТИВНАЯ ОТВЕТСТВЕННОСТЬ
Начальный элемент ввода Воронежская область
Структурное подразделение Министерство образования
Системный номер авторитетной/нормативной записи 886238
Идентификатор авторитетной/нормативной записи RU\NLR\AUTH\880614387
711 02 - НАИМЕНОВАНИЕ ОРГАНИЗАЦИИ - АЛЬТЕРНАТИВНАЯ ОТВЕТСТВЕННОСТЬ
Начальный элемент ввода Центр психолого-педагогической поддержки и развития детей
Идентифицирующий признак Воронеж
Системный номер авторитетной/нормативной записи 860120
Идентификатор авторитетной/нормативной записи RU\NLR\AUTH\8810181742
711 02 - НАИМЕНОВАНИЕ ОРГАНИЗАЦИИ - АЛЬТЕРНАТИВНАЯ ОТВЕТСТВЕННОСТЬ
Начальный элемент ввода Хреновская средняя общеобразовательная школа
Идентифицирующий признак 1; с. Слобода, Воронежская обл.
Системный номер авторитетной/нормативной записи 2645685
Идентификатор авторитетной/нормативной записи RU\NLR\AUTH\880615997
711 12 - НАИМЕНОВАНИЕ ОРГАНИЗАЦИИ - АЛЬТЕРНАТИВНАЯ ОТВЕТСТВЕННОСТЬ
Начальный элемент ввода "Деструктивное поведение: вызовы современности и способы решения", региональная конференция
Место проведения временной организации с. Слобода, Воронежская обл.
Дата проведения временной организации 2024
Системный номер авторитетной/нормативной записи 2643574
Идентификатор авторитетной/нормативной записи RU\NLR\AUTH\880615996
942 ## - ДОПОЛНИТЕЛЬНЫЕ ЭЛЕМЕНТЫ ЗАПИСИ (АБИС)
Тип экземпляра АБИС Книга
980 ## - КОЛЛЕКЦИЯ
Название коллекции Национальная библиография

Нет доступных экземпляров.